004980000a2200157000450024500960000065000130009665000180010965000150012765000180014265100270016065300320018765300350021904100130025410000210026777300520028810aLoss of body mass associated with capture of Sigmodon and Microtus from Northeastern Kansas14aRoedores14aMasa corporal14aEtología14aStress animal 4dKansaspEstados Unidos gSigmodoneSigmodon hispidus gMicrotuseMicrotus ochrogaster0 aInglés1 aSlade, Norman A.1 tJournal of Mammalogy3106h1q171-176d1991g72